Estadísticas para Clasificación histórica de La Liga

Haz click aquí para intentar la prueba.

Estadísticas generales

  • Esta prueba ha sido intentada 498 veces
  • La puntuación promedio es 48 de 63

Estadísticas de respuestas

PuntosPosición HistóricaTemporadas en PrimeraEquipo% Correcto
4524290FC Barcelona
100%
4616190Real Madrid
100%
3515590Athletic de Bilbao
99%
3667384Atlético de Madrid
99%
3006677Sevilla FC
99%
3573486Valencia CF
99%
20361055Real Betis
98%
19161155Celta de Vigo
95%
18431246Deportivo de La Coruña
95%
2728874Real Sociedad
95%
2919785RCD Espanyol
94%
5432820CD Málaga
91%
7212316Getafe CF
91%
11811728RCD Mallorca
91%
88502Girona FC
90%
7912217Málaga CF
90%
50562AD Almería
89%
3413413Cádiz CF
89%
2109958Real Zaragoza
89%
242396UD Almería
89%
10422034UD Las Palmas
89%
5572616Deportivo Alavés
88%
15541345Real Valladolid
88%
6942418Rayo Vallecano
87%
13891642Sporting de Gijón
87%
11351921Villarreal CF
87%
14001539CA Osasuna
85%
5103013CD Tenerife
85%
8852125Granada CF
85%
5552715Levante UD
85%
11741838Real Oviedo
84%
14161444Racing de Santander
83%
33602SD Huesca
83%
159444CD Leganés
82%
6062522Elche CF
82%
272377SD Eibar
82%
188425Recreativo de Huelva
81%
257387Albacete Balompié
77%
230409Córdoba CF
76%
4453118Real Murcia
76%
91494Club Gimnástic de Tarragona
70%
168436Burgos CF
68%
96483Real Burgos
68%
5382920Hércules CF
66%
3773212UD Salamanca
66%
2853611CD Castellón
65%
71543Real Jaén
64%
148464CD Numancia
61%
293359CD Logroñés
58%
40582UE Lleida
58%
34591Xerez CD
54%
83512CF Extremadura
53%
56554Real Unión Irún
52%
14631Cultural Leonesa
51%
81522Polideportivo Mérida
51%
190414SD Compostela
47%
107477Arenas Club
46%
150456Pontevedra CF
46%
42573CE Europa
45%
3533314Sabadell FC
45%
19621Atlético Tetuán
43%
76534CD Alcoyano
37%
22611CD Condal
18%

Distribución de puntuación

Porcentaje por número respondido

Porcentaje de gente con cada puntuación

Historial de tus puntuaciones

No has intentado esta prueba.